000
00373nam a2200169Ia 4500
005
20251020182616.0
008
200515s9999 xx 000 0 und d
082
_a
SC/693.6(02)/E16
110
_a
Secap
245
0
_a
Albañilería : obra blanca
260
_a
Quito
260
_c
1976
300
_a
s.n.
650
_a
ALBAÑILERIA
650
_a
PUB SECAP
942
_c
LIB
999
_c
3501
_d
3501